000 00395nam a22001337a 4500
082 _aMS-PhD-IT MOH
100 _aMohsin Sheraz
_999461
245 _aRepository of electronic forms (REForms)
260 _aIslamabad
_bNUST university
_c2013
300 _a51p. :
_eCD-Rom
500 _aSupervisor: Dr. Amir Hayat
856 _uhttp://10.250.8.41:8080/xmlui/handle/123456789/30843
942 _cPR
_2ddc
999 _c12249
_d12249